000
00304nam a22001337a 4500
008
170413b xxu||||| |||| 00| 0 eng d
020
_a
9780071605809
041
_a
eng
080
_a
618
100
_a
10
101
_a
SHM
245
_a
CASE FILES OBSTRETRICS GYNECOLOGY
_c
TOY.E.C
942
_2
udc
_c
BK
999
_c
10646
_d
10646